000 00264nam a2200085Ia 4500
245 0 _aAre you normal about sex, love, and relationships?
100 _a KANNER, Bernice New York, 2004 1st ed
_989480
942 _cBK
008 210817s9999 xx 000 0 und d
999 _c360014
_d360013